He vivido tan poco : diario de Eva Heyman /

Eva deja de escribir en el preciso momento en el que la vienen a buscar en un camino que pasará por su deportación en Polonia el 3 de Junio, la llegada a Auschwitz el seis de junio y la muerte al campo, después de ser seleccionada por Mengele, el 17 de octubre del mismo año. Es un texto literariamen...

Descripción completa

Guardado en:
Autor Principal: Heyman, Eva.
Otros Autores: Lindo, Elvira; prol., Dés, Mihály; trad.
Formato: Libro
Idioma:Undetermined
Publicado: Barcelona : Nuevos Emprendimientos Editoriales, 2016.
Edición:2a ed.
Materias:
Etiquetas: Agregar Etiqueta
Sin Etiquetas, Sea el primero en etiquetar este registro!
LEADER 01190nam a22002655a 4500
001 CEM.cems020129
008 230529s2016####sp############000#0#und#d
005 20230529084252.0
245 1 0 |a He vivido tan poco :  |b diario de Eva Heyman /  |c Heyman, Eva ; prólogo de Elvira Lindo ; traducción y epílogo de Mihály Dés. 
250 |a 2a ed. 
260 |a Barcelona :  |b Nuevos Emprendimientos Editoriales,  |c 2016. 
300 |a 158 p. 
520 |a Eva deja de escribir en el preciso momento en el que la vienen a buscar en un camino que pasará por su deportación en Polonia el 3 de Junio, la llegada a Auschwitz el seis de junio y la muerte al campo, después de ser seleccionada por Mengele, el 17 de octubre del mismo año. Es un texto literariamente estremecedor y un testimonio revelador y significativo. 
020 |a 9788494353024 
100 1 |a Heyman, Eva. 
700 1 |a Lindo, Elvira; prol. 
700 1 |a Dés, Mihály; trad. 
653 |a Historia 
653 |a Diario 
653 |a Literatura 
653 |a Autobiografía 
653 |a Holocausto 
653 |a Segunda Guerra Mundial 
653 |a Historia Mundial 
859 |a CEMS  |b BIB. CEMS - 11 de abril  |h 891.863  |i H516  |p 29443.23  |t Ej.1